Afternoon on the Amazon / (Record no. 875)

MARC details
000 -LEADER
fixed length control field 01292nam a22003497a 4500
005 - DATE AND TIME OF LATEST TRANSACTION
control field 20231114103432.0
020 ## - INTERNATIONAL STANDARD BOOK NUMBER
International Standard Book Number 0679863729 (pbk.) :
020 ## - INTERNATIONAL STANDARD BOOK NUMBER
International Standard Book Number 0679963723
020 ## - INTERNATIONAL STANDARD BOOK NUMBER
International Standard Book Number 9780590965422
040 ## - CATALOGING SOURCE
Original cataloging agency DLC
Transcribing agency DLC
Modifying agency DLC
Language of cataloging eng
050 00 - LIBRARY OF CONGRESS CALL NUMBER
Classification number PZ7.O81167
Item number Af 1995
082 00 - DEWEY DECIMAL CLASSIFICATION NUMBER
Classification number 813.54
Edition number 20
100 1# - MAIN ENTRY--PERSONAL NAME
Personal name Osborne, Mary Pope.
245 10 - TITLE STATEMENT
Title Afternoon on the Amazon /
Statement of responsibility, etc. by Mary Pope Osborne ; illustrated by Sal Murdocca.
250 ## - EDITION STATEMENT
Edition statement First Scholastic printing, September 1996.
260 ## - PUBLICATION, DISTRIBUTION, ETC.
Place of publication, distribution, etc. New York :
Name of publisher, distributor, etc. Scholastic,
Date of publication, distribution, etc. 1995.
300 ## - PHYSICAL DESCRIPTION
Extent 67 pages :
Other physical details illustrations;
Dimensions 20 cm
490 1# - SERIES STATEMENT
Series statement Magic tree house series ;
Volume/sequential designation Book 6
500 ## - GENERAL NOTE
General note "A First stepping stone book."
505 ## - FORMATTED CONTENTS NOTE
Formatted contents note L <br/>
520 ## - SUMMARY, ETC.
Summary, etc. Eight-year-old Jack, his seven-year-old sister, Annie, and Peanut the mouse ride in a tree house to the Amazon rain forests, where they encounter giant ants, flesh-eating piranhas, hungry crocodiles, and wild jaguars.
521 ## - TARGET AUDIENCE NOTE
Target audience note 510
Source Lexile
521 ## - TARGET AUDIENCE NOTE
Target audience note L <br/>
Source Raz-Plus
650 #1 - SUBJECT ADDED ENTRY--TOPICAL TERM
Topical term or geographic name entry element Rain forests
General subdivision Fiction.
650 #1 - SUBJECT ADDED ENTRY--TOPICAL TERM
Topical term or geographic name entry element Rain forest animals
General subdivision Fiction.
650 #1 - SUBJECT ADDED ENTRY--TOPICAL TERM
Topical term or geographic name entry element Adventure and adventurers
General subdivision Fiction.
650 #1 - SUBJECT ADDED ENTRY--TOPICAL TERM
Topical term or geographic name entry element Tree houses
General subdivision Fiction.
700 1# - ADDED ENTRY--PERSONAL NAME
Personal name Murdocca, Sal,
Relator term illustrator.
906 ## - LOCAL DATA ELEMENT F, LDF (RLIN)
a 7
b cbc
c orignew
d 1
e ocip
f 19
g y-gencatlg
942 ## - ADDED ENTRY ELEMENTS (KOHA)
Source of classification or shelving scheme Dewey Decimal Classification
Koha item type Books
Suppress in OPAC No
999 ## -
-- 875
-- 875
Holdings
Withdrawn status Lost status Source of classification or shelving scheme Damaged status Not for loan Collection Home library Current library Shelving location Date acquired Total Checkouts Full call number Barcode Date last seen Copy number Price effective from Koha item type
    Dewey Decimal Classification     Juvenile Fiction Footprints International School Library Network Toul Kork Campus Footprints International School Library Network Toul Kork Campus TK Primary Library Room(4th Floor), Bookcase 3&4, Shelves 17-32, Yellow Books 07/13/2023   OSB Fic 813.54 PZ7.O81167 FISTK00481 07/13/2023 1 07/13/2023 Books
    Dewey Decimal Classification     Juvenile Fiction Footprints International School Library Network Toul Tom Poung Campus Footprints International School Library Network Toul Tom Poung Campus TTP Primary Yellow Bookshelves 10/17/2025   OSB Fic 813.54 PZ7.O81167 FISBK00094 10/17/2025 2 10/17/2025 Books